00960nab a2200289 uc450000100070000000500170000700800410002403500110006503500210007604000130009704100080011010000320011824500550015065000360020565000350024165000280027665000150030465000220031965000330034165000230037465000280039765000250042565000270045065000210047770000300049877301420052869768620240816090834.0011006e19980405 eng  a697686 a(OCoLC)819918676 ccomduadb aeng10aShunnag, Abdullah4auteaut10aJordanian folkloric songs from arabic into english aTranslation arabic into english aTraduccion del arabe al ingles aCanciones folclóricas aFolk songs aSemantic analysis 7aAnálisis semántico2lemb aTranslation theory aTeoria de la traduccion aLiterary translation aTraducción literaria 7aMetáfora2lemb10aAbul-Kas, Fayez4auteaut0 tBabel : Revue Internationale de la Traduction (Holanda)gVolumen 44, Número 02, Abril-Junio 1998, p. 150-174w683747x0521-97440204821